[Event "Elista-ch 8th"]
[Site "Elista"]
[Date "2010.07.11"]
[Round "11"]
[White "Seleev, Sanal"]
[Black "Tsabdirov, Erdny"]
[Result "0-1"]
[WhiteElo "1789"]
[BlackElo "1948"]
[PlyCount "100"]
[EventDate "2010.07.01"]
[EventType "tourn"]
[EventRounds "11"]
[EventCountry "RUS"]
[SourceTitle "EXT 2022"]
[Source "ChessBase"]
[SourceDate "2021.10.06"]
[SourceVersion "1"]
[SourceVersionDate "2021.10.06"]
[SourceQuality "1"]

1. e4 c5 2. Nf3 d6 3. d4 cxd4 4. Nxd4 Nf6 5. Nc3 g6 6. Be3 Bg7 7. f3 Nc6 8. Qd2 0-0 9. Bc4 Bd7 10. h4 Rb8 11. g4 b5 12. Bb3 Ne5 13. h5 Nc4 14. Qc1 Nxe3 15. Qxe3 Qb6 16. hxg6 hxg6 17. Qd2 Rfc8 18. 0-0-0 a5 19. g5 Ne8 20. Nd5 Qd8 21. Qh2 e6 22. Qh7+ Kf8 23. Qh8+ Bxh8 24. Rxh8+ Kg7 25. Rdh1 Qxg5+ 26. f4 Qh5 27. R8xh5 gxh5 28. Ne7 a4 29. Nxc8 axb3 30. Ne7 bxa2 31. Kd2 Ra8 32. Ra1 Ra6 33. f5 Nf6 34. fxe6 fxe6 35. Nec6 Bxc6 36. Nxe6+ Kg6 37. Nd4 Bd7 38. Kd3 h4 39. Nb3 h3 40. Ke2 Ra4 41. Kf3 Nxe4 42. Rg1+ Ng5+ 43. Kg3 Rg4+ 44. Kf2 Ne4+ 45. Kf1 Nd2+ 46. Kf2 Nxb3 47. Rd1 a1Q 48. Rxd6+ Be6 49. Rxe6+ Kf5 50. Re8 Rg2+ 0-1

[Event "Elista-ch 8th"]
[Site "Elista"]
[Date "2010.07.08"]
[Round "8"]
[White "Tsabdirov, Erdny"]
[Black "Antonov, Dzhal"]
[Result "1-0"]
[WhiteElo "1948"]
[BlackElo "1939"]
[PlyCount "167"]
[EventDate "2010.07.01"]
[EventType "tourn"]
[EventRounds "11"]
[EventCountry "RUS"]
[SourceTitle "EXT 2022"]
[Source "ChessBase"]
[SourceDate "2021.10.06"]
[SourceVersion "1"]
[SourceVersionDate "2021.10.06"]
[SourceQuality "1"]

1. d4 Nf6 2. c4 g6 3. Nc3 Bg7 4. e4 d6 5. f3 0-0 6. Be3 c6 7. Qd2 a6 8. Bd3 b5 9. cxb5 axb5 10. Nge2 Nbd7 11. 0-0 e5 12. b3 exd4 13. Nxd4 Bb7 14. a4 b4 15. Nd1 c5 16. Nc2 Ne5 17. Bb5 Qc7 18. Rc1 Qe7 19. Bg5 Qe6 20. Nde3 Rfd8 21. Nc4 d5 22. Nxe5 Qxe5 23. Bf4 Qe7 24. e5 Nd7 25. Bg5 f6 26. exf6 Bxf6 27. Bxf6 Nxf6 28. Rfe1 Qd6 29. Qe2 Bc6 30. Bxc6 Qxc6 31. Nd4 Qb6 32. Qe6+ Qxe6 33. Nxe6 Re8 34. Nxc5 Rxe1+ 35. Rxe1 Rc8 36. Na6 Rc3 37. Rb1 d4 38. Nxb4 d3 39. Kf1 d2 40. Rd1 Rxb3 41. Nc6 Rb6 42. Ne5 Ra6 43. Rxd2 Rxa4 44. Nd7 Kg7 45. Nxf6 Kxf6 46. Kf2 Ra6 47. Kg3 h5 48. Rd3 Rb6 49. h4 Rc6 50. Ra3 Rb6 51. Ra4 Rc6 52. Kf4 Rb6 53. g4 hxg4 54. Kxg4 Rc6 55. Rf4+ Kg7 56. Ra4 Kf6 57. Rf4+ Kg7 58. Ra4 Kf6 59. f4 Rb6 60. Ra5 Kg7 61. Kg5 Rb7 62. h5 gxh5 63. Kxh5 Rb6 64. Kg5 Rb7 65. f5 Kf7 66. Ra6 Kg7 67. Rg6+ Kf7 68. Rh6 Rb1 69. Rh7+ Kg8 70. Re7 Kf8 71. Kf6 Rf1 72. Ra7 Kg8 73. Ra8+ Kh7 74. Ra7+ Kg8 75. Ra8+ Kh7 76. Rf8 Re1 77. Kf7 Rf1 78. f6 Re1 79. Re8 Rf1 80. Re2 Kh6 81. Rh2+ Kg5 82. Kg7 Rg1 83. f7 Kf5+ 84. Kh7 1-0

[Event "Elista-ch 8th"]
[Site "Elista"]
[Date "2010.07.05"]
[Round "5"]
[White "Arshaev, Ajush"]
[Black "Tsabdirov, Erdny"]
[Result "0-1"]
[WhiteElo "1645"]
[BlackElo "1948"]
[PlyCount "72"]
[EventDate "2010.07.01"]
[EventType "tourn"]
[EventRounds "11"]
[EventCountry "RUS"]
[SourceTitle "EXT 2022"]
[Source "ChessBase"]
[SourceDate "2021.10.06"]
[SourceVersion "1"]
[SourceVersionDate "2021.10.06"]
[SourceQuality "1"]

1. e4 c5 2. Nf3 d6 3. c3 Nf6 4. Be2 Nc6 5. d4 cxd4 6. cxd4 g6 7. 0-0 Bg7 8. h3 0-0 9. Nc3 a6 10. a4 e5 11. Be3 Qe7 12. d5 Nd8 13. Rc1 Ne8 14. Bg5 f6 15. Be3 f5 16. Bg5 Bf6 17. Bxf6 Nxf6 18. exf5 gxf5 19. Kh2 Kh8 20. Qd2 Rg8 21. Rfe1 Bd7 22. Bf1 Qg7 23. a5 Rc8 24. b4 Rc4 25. g3 Rxb4 26. Ne2 Rb5 27. Nc3 Rxa5 28. Ng1 Rc5 29. Bg2 a5 30. Nce2 Rxc1 31. Rxc1 a4 32. Rc7 Ne8 33. Rc4 b5 34. Rh4 Nb7 35. Nf3 Nc5 36. Nc3 Nf6 0-1

[Event "RUS-chT Regions"]
[Site "Tula"]
[Date "2009.11.??"]
[Round "5"]
[White "Tsabdirov, Erdny"]
[Black "Mokshanov, Alexey"]
[Result "1-0"]
[WhiteElo "1931"]
[BlackElo "2223"]
[PlyCount "115"]
[EventDate "2009.11.??"]
[EventType "team-tourn"]
[EventRounds "9"]
[EventCountry "RUS"]
[SourceTitle "EXT 2011"]
[Source "ChessBase"]
[SourceDate "2010.11.26"]
[SourceVersion "1"]
[SourceVersionDate "2010.11.26"]
[SourceQuality "1"]

1. d4 d5 2. c4 e6 3. Nc3 Nf6 4. Bg5 Be7 5. e3 0-0 6. cxd5 exd5 7. Bd3 c6 8. Nge2 Nbd7 9. Qc2 Re8 10. 0-0-0 Nf8 11. Rhe1 b5 12. f3 a5 13. e4 dxe4 14. Nxe4 Be6 15. Kb1 Nxe4 16. Bxe7 Qxe7 17. fxe4 Rac8 18. h3 Red8 19. Qd2 c5 20. d5 c4 21. Bc2 Qc5 22. Qf4 Bd7 23. Rf1 Be8 24. Rf3 Ng6 25. Qe3 Qxe3 26. Rxe3 Ne5 27. Nd4 Bd7 28. Nf3 Re8 29. Ra3 a4 30. Re3 b4 31. Rd4 b3 32. Bd1 f6 33. a3 Nf7 34. Be2 Nd6 35. Nd2 Nf5 36. Bg4 c3 37. bxc3 Nxd4 38. Bxd7 Nc2 39. Re2 f5 40. Bxa4 Re5 41. Kb2 f4 42. Bxb3 Ne3 43. g3 g5 44. h4 Rb8 45. hxg5 Nd1+ 46. Kc2 Ne3+ 47. Kb2 Nd1+ 48. Kc2 Ne3+ 49. Kd3 fxg3 50. Rxe3 Rxg5 51. Re1 g2 52. Rg1 h5 53. d6+ Kf8 54. Bd5 h4 55. Nf3 Rg3 56. Ke3 h3 57. Kf4 h2 58. Nxh2 1-0

[Event "Kalmykia-ch"]
[Site "Elista"]
[Date "2008.12.18"]
[Round "8"]
[White "Nyudleev, Dolgan"]
[Black "Tsabdirov, Erdny"]
[Result "1-0"]
[WhiteElo "2393"]
[BlackElo "1933"]
[PlyCount "49"]
[EventDate "2008.12.12"]
[EventType "tourn"]
[EventRounds "9"]
[EventCountry "RUS"]
[SourceTitle "EXT 2022"]
[Source "ChessBase"]
[SourceDate "2021.10.06"]
[SourceVersion "1"]
[SourceVersionDate "2021.10.06"]
[SourceQuality "1"]

1. e4 c5 2. Nf3 d6 3. c3 Nf6 4. Be2 Nc6 5. d4 cxd4 6. cxd4 d5 7. e5 Ne4 8. 0-0 Bg4 9. Be3 Qb6 10. Nc3 Nxc3 11. bxc3 Na5 12. h3 Bd7 13. Rb1 Qc7 14. e6 Bxe6 15. Bb5+ Nc6 16. Ne5 Bd7 17. Bf4 Qd8 18. Bxc6 bxc6 19. Rb7 Be6 20. Qa4 Qc8 21. Rfb1 f6 22. Nd3 Bf5 23. Rb8 Bxd3 24. Qxc6+ Kf7 25. Qxc8 1-0

[Event "Kalmykia-ch"]
[Site "Elista"]
[Date "2008.12.17"]
[Round "7"]
[White "Tsabdirov, Erdny"]
[Black "Borisov, Sergey"]
[Result "1/2-1/2"]
[WhiteElo "1933"]
[BlackElo "2126"]
[PlyCount "49"]
[EventDate "2008.12.12"]
[EventType "tourn"]
[EventRounds "9"]
[EventCountry "RUS"]
[SourceTitle "EXT 2022"]
[Source "ChessBase"]
[SourceDate "2021.10.06"]
[SourceVersion "1"]
[SourceVersionDate "2021.10.06"]
[SourceQuality "1"]

1. Nf3 Nf6 2. g3 d5 3. Bg2 c6 4. 0-0 Bg4 5. d3 Nbd7 6. Nbd2 e5 7. e4 dxe4 8. dxe4 Bc5 9. Qe2 0-0 10. Rd1 Qc7 11. Nf1 Bh5 12. h3 Rad8 13. g4 Bg6 14. Ng3 Qb6 15. c3 Bxe4 16. Nxe4 Nxe4 17. Qxe4 Bxf2+ 18. Kh1 Nf6 19. Qe2 Ne4 20. Qc2 Rxd1+ 21. Qxd1 Rd8 22. Qc2 Bg3 23. Bg5 Nf2+ 24. Kg1 Ne4+ 25. Kh1 1/2-1/2

[Event "Kalmykia-ch"]
[Site "Elista"]
[Date "2008.12.16"]
[Round "6"]
[White "Chub, Alexey"]
[Black "Tsabdirov, Erdny"]
[Result "1/2-1/2"]
[WhiteElo "1918"]
[BlackElo "1933"]
[PlyCount "69"]
[EventDate "2008.12.12"]
[EventType "tourn"]
[EventRounds "9"]
[EventCountry "RUS"]
[SourceTitle "EXT 2022"]
[Source "ChessBase"]
[SourceDate "2021.10.06"]
[SourceVersion "1"]
[SourceVersionDate "2021.10.06"]
[SourceQuality "1"]

1. d4 Nf6 2. c4 Nc6 3. Nf3 e6 4. Nc3 Bb4 5. Qc2 0-0 6. Bg5 d6 7. a3 Bxc3+ 8. Qxc3 Qe7 9. e3 e5 10. Be2 Re8 11. 0-0 Ne4 12. Bxe7 Nxc3 13. bxc3 Rxe7 14. Rab1 b6 15. Rb2 Ba6 16. Rfb1 f6 17. Bf1 Kf7 18. Nd2 Na5 19. c5 Bxf1 20. cxd6 cxd6 21. Kxf1 Rc7 22. Rc1 Rac8 23. Rbc2 Nc4 24. Nxc4 Rxc4 25. Ke2 e4 26. Kd2 b5 27. Rb1 a6 28. f3 f5 29. Rbc1 Ke6 30. Rb1 d5 31. Rf1 Ra4 32. Ra1 Ke7 33. Rb2 Rac4 34. Rc2 R4c6 35. f4 1/2-1/2

[Event "Elista-ch "]
[Site "Elista"]
[Date "2008.07.29"]
[Round "10"]
[White "Tsabdirov, Erdny"]
[Black "Utnasunov, Alexander"]
[Result "0-1"]
[WhiteElo "1916"]
[BlackElo "2447"]
[PlyCount "100"]
[EventDate "2008.07.21"]
[EventType "tourn"]
[EventRounds "11"]
[EventCountry "RUS"]
[SourceTitle "EXT 2022"]
[Source "ChessBase"]
[SourceDate "2021.10.06"]
[SourceVersion "1"]
[SourceVersionDate "2021.10.06"]
[SourceQuality "1"]

1. d4 d5 2. c4 c6 3. Nf3 Nf6 4. g3 Bf5 5. b3 e6 6. Bg2 Bb4+ 7. Bd2 Be7 8. 0-0 Ne4 9. Bc1 0-0 10. Bb2 Bf6 11. Nbd2 c5 12. Nxe4 Bxe4 13. Rc1 cxd4 14. Bxd4 Nc6 15. Bxf6 Qxf6 16. cxd5 Bxd5 17. e3 Nb4 18. Qe2 Nxa2 19. Rc7 Nc3 20. Qd3 Rac8 21. Rxc8 Rxc8 22. Nd4 Bxg2 23. Kxg2 e5 24. Qf5 Qxf5 25. Nxf5 Rc7 26. Rc1 b5 27. b4 g6 28. Nd6 Kf8 29. f4 exf4 30. exf4 f5 31. Kf3 Ke7 32. Nb7 Nd5 33. Rxc7+ Nxc7 34. Ke3 Nd5+ 35. Kd4 Nxb4 36. Kc5 Nc2 37. Kxb5 Ne3 38. h3 Nf1 39. g4 fxg4 40. hxg4 h5 41. gxh5 gxh5 42. Nc5 h4 43. Ne4 h3 44. Nf2 h2 45. f5 Ne3 46. Ka6 Kf6 47. Kxa7 Kxf5 48. Kb6 Kf4 49. Kc5 Kf3 50. Nh1 Nf5 0-1

[Event "Elista-ch "]
[Site "Elista"]
[Date "2008.07.27"]
[Round "8"]
[White "Tsabdirov, Erdny"]
[Black "Chub, Alexey"]
[Result "0-1"]
[WhiteElo "1916"]
[BlackElo "1772"]
[PlyCount "66"]
[EventDate "2008.07.21"]
[EventType "tourn"]
[EventRounds "11"]
[EventCountry "RUS"]
[SourceTitle "EXT 2022"]
[Source "ChessBase"]
[SourceDate "2021.10.06"]
[SourceVersion "1"]
[SourceVersionDate "2021.10.06"]
[SourceQuality "1"]

1. d4 f5 2. c4 e6 3. Nf3 Nf6 4. g3 d5 5. Bg2 c6 6. b3 Bd6 7. 0-0 Qe7 8. Bb2 b6 9. Ne5 Bb7 10. Nd2 0-0 11. Ndf3 Nbd7 12. Nd3 Ne4 13. Nfe5 Rac8 14. f3 Nef6 15. Nf2 c5 16. Nxd7 Nxd7 17. cxd5 exd5 18. e4 fxe4 19. fxe4 dxe4 20. Qe2 Nf6 21. Rfe1 Rfe8 22. Kh1 cxd4 23. Bxd4 Be5 24. Rad1 Bxd4 25. Rxd4 e3 26. Nd1 Bxg2+ 27. Kxg2 Rc5 28. Rd3 Qe4+ 29. Kg1 Ng4 30. Rc3 Nf2 31. Rxe3 Qh1+ 32. Kxf2 Rf5+ 33. Rf3 Rxe2+ 0-1

[Event "Elista-ch "]
[Site "Elista"]
[Date "2008.07.25"]
[Round "5"]
[White "Shovunov, Baatr"]
[Black "Tsabdirov, Erdny"]
[Result "1-0"]
[WhiteElo "2315"]
[BlackElo "1916"]
[PlyCount "91"]
[EventDate "2008.07.21"]
[EventType "tourn"]
[EventRounds "11"]
[EventCountry "RUS"]
[SourceTitle "EXT 2022"]
[Source "ChessBase"]
[SourceDate "2021.10.06"]
[SourceVersion "1"]
[SourceVersionDate "2021.10.06"]
[SourceQuality "1"]

1. e4 c5 2. Nc3 Nc6 3. g3 g6 4. Bg2 Bg7 5. d3 d6 6. Be3 e6 7. Qd2 Rb8 8. a4 a6 9. Nf3 Nd4 10. 0-0 b5 11. axb5 axb5 12. Rab1 Ne7 13. Ne2 Nec6 14. Nfxd4 Nxd4 15. Nxd4 cxd4 16. Bh6 0-0 17. Bxg7 Kxg7 18. f4 f5 19. exf5 exf5 20. Qb4 Qb6 21. Rfe1 Bb7 22. Re7+ Rf7 23. Rbe1 Bxg2 24. Rxf7+ Kxf7 25. Qb3+ Kf8 26. Kxg2 Qc6+ 27. Kh3 Re8 28. Rxe8+ Qxe8 29. Qd5 Qe2 30. Qxd6+ Kf7 31. Qd5+ Kf8 32. Qxd4 Qf1+ 33. Kh4 Qe2 34. Qh8+ Kf7 35. Qxh7+ Kf6 36. h3 Qxc2 37. Qh8+ Kf7 38. Kg5 Qxd3 39. Qf6+ Ke8 40. Qxg6+ Ke7 41. g4 Qxh3 42. Qf6+ Ke8 43. Qe6+ Kf8 44. Qxf5+ Kg7 45. Qd7+ Kg8 46. Kg6 1-0

[Event "Elista-ch "]
[Site "Elista"]
[Date "2008.07.24"]
[Round "4"]
[White "Tsabdirov, Erdny"]
[Black "Nyudleev, Dolgan"]
[Result "0-1"]
[WhiteElo "1916"]
[BlackElo "2409"]
[PlyCount "78"]
[EventDate "2008.07.21"]
[EventType "tourn"]
[EventRounds "11"]
[EventCountry "RUS"]
[SourceTitle "EXT 2022"]
[Source "ChessBase"]
[SourceDate "2021.10.06"]
[SourceVersion "1"]
[SourceVersionDate "2021.10.06"]
[SourceQuality "1"]

1. d4 Nf6 2. c4 g6 3. Nc3 Bg7 4. e4 0-0 5. f3 d6 6. Be3 Nbd7 7. Qd2 c5 8. Nge2 a6 9. Rd1 Qa5 10. Nd5 Qxd2+ 11. Kxd2 Nxd5 12. cxd5 f5 13. h3 fxe4 14. fxe4 Nf6 15. Ng3 cxd4 16. Bg1 e5 17. dxe6 Bxe6 18. b3 Rac8 19. Bd3 d5 20. e5 Nd7 21. Bxd4 Nxe5 22. Rhe1 Bh6+ 23. Be3 Rf2+ 24. Re2 Rxe2+ 25. Nxe2 Bf8 26. Nd4 Bf7 27. Bf4 Bb4+ 28. Ke2 Re8 29. Be3 Bc5 30. Kf2 Nc6 31. Bb1 Rxe3 32. Kxe3 Kg7 33. b4 Bb6 34. a4 Kf6 35. Rf1+ Ke7 36. Rf4 g5 37. Rg4 Nxd4 38. Rxd4 Kd6 39. a5 Ba7 0-1

[Event "Elista-ch "]
[Site "Elista"]
[Date "2008.07.22"]
[Round "2"]
[White "Tsabdirov, Erdny"]
[Black "Namruev, Anatoly"]
[Result "1-0"]
[WhiteElo "1916"]
[BlackElo "1975"]
[PlyCount "85"]
[EventDate "2008.07.21"]
[EventType "tourn"]
[EventRounds "11"]
[EventCountry "RUS"]
[SourceTitle "EXT 2022"]
[Source "ChessBase"]
[SourceDate "2021.10.06"]
[SourceVersion "1"]
[SourceVersionDate "2021.10.06"]
[SourceQuality "1"]

1. d4 Nf6 2. c4 g6 3. Nc3 d5 4. Bg5 Ne4 5. Bh4 Nxc3 6. bxc3 Bg7 7. e3 0-0 8. Nf3 c5 9. cxd5 cxd4 10. cxd4 Qxd5 11. Bxe7 Re8 12. Bh4 Bg4 13. Be2 Qa5+ 14. Qd2 Qxd2+ 15. Kxd2 Nc6 16. Rab1 Na5 17. Rhc1 Rac8 18. Bb5 Rxc1 19. Rxc1 Rc8 20. Rxc8+ Bxc8 21. e4 Bg4 22. Kc3 a6 23. Bd3 Be6 24. a4 Kf8 25. Kb4 Nc6+ 26. Kc5 Bb3 27. d5 Ne5 28. Nxe5 Bxe5 29. Kb6 Bxa4 30. Kxb7 Bb5 31. Bc2 f6 32. f4 Bxf4 33. Bxf6 Bxh2 34. e5 Ke8 35. Kc7 Bd7 36. d6 a5 37. Bb3 a4 38. Bf7+ Kxf7 39. Kxd7 a3 40. e6+ Kxf6 41. e7 a2 42. e8Q Be5 43. Qe6+ 1-0

[Event "Elista-ch "]
[Site "Elista"]
[Date "2008.07.21"]
[Round "1"]
[White "Tsabdirov, Erdny"]
[Black "Bakuev, Valery"]
[Result "1/2-1/2"]
[WhiteElo "1916"]
[BlackElo "1879"]
[PlyCount "80"]
[EventDate "2008.07.21"]
[EventType "tourn"]
[EventRounds "11"]
[EventCountry "RUS"]
[SourceTitle "EXT 2022"]
[Source "ChessBase"]
[SourceDate "2021.10.06"]
[SourceVersion "1"]
[SourceVersionDate "2021.10.06"]
[SourceQuality "1"]

1. d4 Nf6 2. c4 e5 3. dxe5 Ng4 4. Nf3 Bc5 5. e3 Qe7 6. Bd2 Nxe5 7. Nxe5 Qxe5 8. Bc3 Qg5 9. Nd2 0-0 10. Ne4 Qe7 11. Nxc5 Qxc5 12. Qg4 f6 13. Bd3 Nc6 14. Qh4 h6 15. 0-0 Qg5 16. Qxg5 hxg5 17. c5 Re8 18. Bc4+ Kf8 19. b4 b6 20. Rfd1 Ne5 21. Bb3 Re7 22. f4 gxf4 23. exf4 Ng4 24. h3 Ne3 25. Rd4 Nf5 26. Rd2 Bb7 27. Kf2 Rae8 28. g4 Re3 29. gxf5 Rf3+ 30. Kg1 Rxc3 31. Rxd7 Re2 32. Rf7+ Ke8 33. Rxg7 Rxh3 34. Rg8+ Ke7 35. Rg7+ Kf8 36. Rg8+ Ke7 37. Rg7+ Ke8 38. Rg8+ Kd7 39. Rd1+ Ke7 40. Rg7+ Ke8 1/2-1/2